Statystyki dla Polacy grający kiedykolwiek w lidze portugalskiej.

Kliknij tutaj aby rozwiązać quiz!

Ogólne statystyki

  • Ten quiz został rozwiązany 39 razy
  • Średni wynik to 3 z 14

Statystyki odpowiedzi

KlubPozycjaOdpowiedź% Poprawnych
Braga,Porto,Vitoria Setubal,Estoril i Rio AveBramkarzKieszek
86%
Vitoria GuimaraesŚrodkowy napastnikSaganowski
56%
Boavista,Porto i Vitoria SetubalDefensywny pomocnikKaźmierczak
47%
BoavistaOfensywny pomocnikGrzelak
33%
Desportivo AvesŚrodkowy obrońcaDżwigała
25%
Uniao de LeiriaŚrodkowy napastnikŚlusarski
22%
BoavistaLewy obrońcaKazimierczak
19%
Vitoria SetubalPrawy napastnikMakuszewski
17%
Académica CoimbraPrawy napastnikMadej
8%
TondelaŚrodkowy napastnikZachara
8%
Uniao de LeiriaDefensywny pomocnikŁukasiewicz
6%
FeirenseBramkarzMiśkiewicz
6%
BragaŚrodkowy napastnikChmiest
3%
MaritimoBramkarzBąk
0%

Rozkład punktacji

Percentyl według liczby udzielonych odpowiedzi

Procent ludzi z każdym wynikiem

Twoja historia wyników

Nie rozwiązałeś tego quizu